Pays frontaliers de Puissances Nucléaires - Statistiques

Statistiques générales
  • Ce quiz a été pris 69 fois
  • Le résultat moyen est 49 sur 64
Statistiques - réponses
Puissance Nucléaires Réponses % Correct
France Espagne
97%
Royaume Uni Espagne
97%
USA Canada
95%
Corée du Nord Corée du Sud
95%
France Italie
95%
France Allemagne
94%
France Belgique
94%
Russie Chine
94%
Inde Chine
94%
Pakistan Chine
94%
Corée du Nord Chine
94%
USA Mexique
92%
France Suisse
92%
France Brésil
90%
France Andorre
89%
Chine Inde
85%
Pakistan Inde
85%
France Luxembourg
85%
Russie Ukraine
85%
Russie Estonie
84%
Royaume Uni Irlande
84%
Russie Lettonie
84%
Russie Lituanie
84%
France Monaco
82%
Russie Biélorussie
81%
Pakistan Iran
81%
Russie Mongolie
81%
Chine Mongolie
81%
Chine Népal
81%
Inde Népal
81%
Russie Finlande
79%
Chine Pakistan
79%
Inde Pakistan
79%
Israël Jordanie
77%
Russie Kazakhstan
77%
Chine Kazakhstan
77%
Chine Russie
77%
Corée du Nord Russie
77%
Russie Corée du Nord
76%
Chine Corée du Nord
76%
Israël Liban
76%
France Suriname
76%
Chine Viet nam
76%
Chine Afghanistan
74%
Inde Afghanistan
74%
Pakistan Afghanistan
74%
Chine Bhoutan
74%
Inde Bhoutan
74%
Russie Pologne
74%
Israël Syrie
73%
Israël Égypte
71%
Russie Azerbaïdjan
69%
Chine Tadjikistan
69%
Inde Bangladesh
68%
France Pays-bas
68%
Chine Laos
66%
Russie Géorgie
65%
Russie Norvège
65%
USA (Guantanamo) Cuba
63%
Chine Kirghizistan
52%
Chine Myanmar
27%
Inde Myanmar
27%
Royaume Uni Chypre
24%
Israël Gaza
11%
Aucun quiz correspondant
Distribution des résultats
% des personnes avec chaque résultat
Percentile par nombre de réponses
Votre historique - résultats
Vous n’avez pas pris ce quiz